Great Lakes and St. Lawrence Waterways Quiz - Statistics

General Stats
  • This quiz has been taken 103 times
  • The average score is 28 of 50
Answer Stats
Hint Answer % Correct
Great Lake Lake Erie
100%
Great Lake Lake Huron
100%
Great Lake Lake Michigan
100%
Great Lake Lake Ontario
100%
Great Lake Lake Superior
100%
Great Lakes state Michigan
100%
Great Lakes province Ontario
100%
Great Lakes state New York
97%
Great Lakes state Wisconsin
97%
Great Lakes state Ohio
96%
Great Lakes State Illinois
94%
Great Lakes state Minnesota
94%
Great Lakes state Indiana
92%
Great Lakes state Pennsylvania
92%
Largest cities on a Great Lake Chicago
85%
River draining this lake Detroit River
85%
Largest cities on a Great Lake Toronto
81%
City at west end of Lake Superior Duluth
73%
Largest cities on a Great Lake Cleveland
72%
Largest city in Quebec, located on the Saint Lawrence Montreal
71%
River between Erie and Ontario Niagara River
66%
Lake on New York-Vermont border Lake Champlain
59%
Lake between Huron and Erie Lake St. Clair
59%
City at west end of Lake Erie Toledo
57%
Largest city on Lake Superior Thunder Bay
54%
Largest American city on Lake Ontario Rochester
53%
Second largest city on this river Windsor
53%
Large island and National Park in Lake Superior Isle Royale
47%
Largest city on this river Sault Saint Marie
44%
Large tributary of the Saint Lawrence that empties near this city Ottawa
39%
Strait separating lakes Huron and Michigan Straits of Mackinac
37%
World's largest lake island Manitoulin Island
35%
Peninsula east of the Green Bay Door Peninsula
34%
Large lake north of Lake Superior Lake Nipigon
33%
Large bay in Lake Huron Georgian Bay
30%
Peninsula south of the mouth of the Saint Lawrence Gaspe Peninsula
29%
Bay on which Bay City is located Saginaw Bay
29%
Island in the mouth of the Saint Lawrence Anticosti Island
25%
Largest city on Lake Huron Sarnia
25%
Large lake north of Toronto Lake Simcoe
19%
River between Superior and Huron St. Mary's River
19%
National Lakeshore in Wisconsin's Lake Superior Apostle Islands
18%
Canal ships take around this river Welland Canal
18%
River draining this lake Richelieu River
16%
Large island northwest of Montreal island Ile Jesus
13%
Peninsula jutting north of the Upper Peninsula Keewenaw Peninsula
11%
Lake northeast of Lake Huron, drained by the French River Lake Nipissing
10%
"Island" that makes up most of this peninsula Copper Island
6%
River separating the two islands Praries River
4%
Island known as the "Eye of Quebec" Rene Levasseur Island
4%
No matching quizzes found
Score Distribution
Percent of People with Each Score
Percentile by Number Answered
Your Score History
You have not taken this quiz